| 000 | 02497nam a2200277Ia 4500 | ||
|---|---|---|---|
| 003 | OSt | ||
| 005 | 20210811093729.0 | ||
| 008 | 210310s2001 eu ad 100 0 eng d | ||
| 020 | _a0815702450 | ||
| 040 |
_aCO-JMCR _cCO-JMCR |
||
| 041 | 0 | _aeng | |
| 082 | 0 | 4 |
_a332.6 / _bC748o _223 |
| 111 | 2 |
_aConference on emerging markets finance _n(3° : _d2001 : _cNew York) _939263 |
|
| 245 | 1 | 0 |
_aOpen doors : _bforeign participation in financial systems in developing countries/ _cRobert E. Litan, Paul Masson, Michael Pomerleano, editors |
| 260 |
_aWashington : _bBrookings Institution Press, _c2001 |
||
| 300 |
_avii, 440 páginas : _bilustraciones y gráficos a blanco y negro ; _c23 cm. |
||
| 500 | _aIncluye notas a pie de página. | ||
| 504 | _aBibliografía al final de cada capítulo. | ||
| 505 | 0 | _aHow Important Is Financial Sector FDI and What Are Its Impacts? -- What Foreign Institutions Do in Emerging Markets: Overview -- What Foreign Institutions Do in Emerging Markets: Sector Report -- Policies toward Financial Sector FDI -- Moving into the Future: Potential for Financial Sector E-Commerce | |
| 520 | 3 | _aThe presence of foreign financial firms in emerging markets has expanded enormously in the past decade. This phenomenon, never theless, raises several questions: Is this presence beneficial to the host countries? Should foreign financial institutions compete across a range of activities with local ones or specialize in areas where they have the greatest expertise? What are the challenges for regulators faced with a much more open financial system? These and other issues are discussed in Open Doors, which includes contri butions from various financial sector experts. Foreign financial presence generally is found to be beneficial to the host country, contributing to greater efficiency. The business models of foreign financial institutions differ consider ably across firms and sectors, however. And financial liberalization poses challenges for regulators, requiring greater cross-border coordination. This is especially true given the technological advances that have transformed finan cial services. The final chapters are devoted to the prospects for e-finance in emerging markets. | |
| 650 | 1 | 4 |
_aIndustria de servicios financieros _916850 _vCongresos, conferencias, etc. _xPaíses en desarrollo |
| 700 | 1 |
_aLitan, Robert E., _eeditor _939264 |
|
| 700 | 1 |
_aMasson, Paul, _eeditor _939265 |
|
| 700 | 1 |
_aPomerleano, Michael, _eeditor _939266 |
|
| 942 |
_2ddc _cBK |
||
| 999 |
_c8287 _d8287 |
||